[Event "FIRST SATURDAY TOURNAMENT Budapest FM C"]
[Site "Budapest"]
[Date "2011.07.02"]
[Round "1.2"]
[White "Vujosevics, Eszter"]
[Black "Nagy, Peter"]
[Result "0-1"]
[WhiteElo "1431"]
[BlackElo "1535"]
[PlyCount "34"]
[EventDate "2011.07.02"]

1. e4 c5 2. Nf3 d6 3. c3 Nf6 4. h3 Nc6 5. Bd3 e5 6. Bc2 Qc7 7. O-O Be7 8. d4
cxd4 9. cxd4 exd4 10. Ba4 Nxe4 11. Qxd4 Nf6 12. Re1 O-O 13. Qc3 d5 14. a3 Be6
15. Nd4 Ne4 16. Nxe6 fxe6 17. Qe3 Bc5 0-1

[Event "FIRST SATURDAY TOURNAMENT Budapest FM C"]
[Site "Budapest"]
[Date "2011.07.02"]
[Round "1.3"]
[White "Hetesi, Zoltan"]
[Black "Mihajlova, Diana"]
[Result "1-0"]
[WhiteElo "1501"]
[BlackElo "1443"]
[PlyCount "121"]
[EventDate "2011.07.02"]

1. e4 d5 2. exd5 Nf6 3. c4 e6 4. Nc3 exd5 5. d4 Bb4 6. Bg5 Be6 7. c5 O-O 8. Bd3
c6 9. Qf3 Nbd7 10. Nge2 b6 11. cxb6 axb6 12. a3 Bd6 13. Ng3 Qc7 14. Rc1 Bg4 15.
Bxh7+ Kh8 16. Qd3 Nxh7 17. Be3 Qb8 18. Nce2 Re8 19. f3 Bxf3 20. gxf3 Bf4 21.
Nxf4 Qxf4 22. Kf2 Qf6 23. Rhg1 g6 24. Rc3 c5 25. dxc5 Ne5 26. Qd1 Ng4+ 27. Ke2
Nxe3 28. Rxe3 Qxb2+ 29. Qd2 Rxe3+ 30. Kxe3 Rxa3+ 31. Ke2 Qe5+ 32. Kf2 bxc5 33.
Re1 Qd4+ 34. Qxd4+ cxd4 35. Rd1 d3 36. Ke3 d2+ 37. Kd4 Nf6 38. Ke5 Rxf3 39.
Rxd2 Re3+ 40. Kxf6 Rf3+ 41. Kg5 Kg7 42. Rxd5 Rf2 43. Rd4 Rxh2 44. Rd7 Rg2 45.
Kg4 Rf2 46. Ne4 Rf1 47. Nd6 Rg1+ 48. Kf3 Rf1+ 49. Ke2 Rf4 50. Ke3 Rf1 51. Kd4
g5 52. Ke4 Rf2 53. Ke3 Rf1 54. Ke2 Rf4 55. Kd3 Rf3+ 56. Ke2 Rf6 57. Ne8+ Kg6
58. Nxf6 Kxf6 59. Kf2 Kg6 60. Kg3 f5 61. Rd6+ 1-0

[Event "FIRST SATURDAY TOURNAMENT Budapest FM C"]
[Site "Budapest"]
[Date "2011.07.03"]
[Round "2.2"]
[White "Nagy, Peter"]
[Black "Hetesi, Zoltan"]
[Result "1-0"]
[WhiteElo "1535"]
[BlackElo "1501"]
[PlyCount "31"]
[EventDate "2011.07.02"]

1. Nf3 d5 2. d4 Bf5 3. c4 e6 4. Nc3 Nf6 5. Qb3 dxc4 6. Qxc4 Nc6 7. Bf4 Bd6 8.
Ne5 Bxe5 9. dxe5 Nd4 10. O-O-O c5 11. exf6 Qxf6 12. Qxc5 Rd8 13. Be5 Qh6+ 14.
e3 Nc6 15. Rxd8+ Nxd8 16. Bb5+ 1-0

[Event "FIRST SATURDAY TOURNAMENT Budapest FM C"]
[Site "Budapest"]
[Date "2011.07.03"]
[Round "2.3"]
[White "Szabo, Miklos"]
[Black "Vujosevics, Eszter"]
[Result "0-1"]
[WhiteElo "1358"]
[BlackElo "1431"]
[PlyCount "58"]
[EventDate "2011.07.02"]

1. e4 c5 2. Nf3 d6 3. d4 cxd4 4. Nxd4 Nf6 5. Nc3 a6 6. Be2 e5 7. Nb3 Be7 8. Bg5
Be6 9. O-O O-O 10. Kh1 h6 11. Bxf6 Bxf6 12. Nd5 Nd7 13. c4 Nb6 14. Nd2 Bh4 15.
Bg4 Nd7 16. f4 f5 17. exf5 Bxf5 18. Bxf5 Rxf5 19. Qg4 Rf7 20. fxe5 Nxe5 21. Qh5
g6 22. Qxh6 Bg5 23. Qh3 Bxd2 24. Rxf7 Nxf7 25. Rf1 Kg7 26. Qe6 Ne5 27. h4 Qxh4+
28. Kg1 Qd4+ 29. Kh1 Rh8+ 0-1

[Event "FIRST SATURDAY TOURNAMENT Budapest FM C"]
[Site "Budapest"]
[Date "2011.07.04"]
[Round "3.2"]
[White "Hetesi, Zoltan"]
[Black "Szabo, Miklos"]
[Result "0-1"]
[WhiteElo "1501"]
[BlackElo "1358"]
[PlyCount "42"]
[EventDate "2011.07.02"]

1. e4 c6 2. d4 d5 3. Nc3 dxe4 4. Nxe4 Bf5 5. Ng3 Bg6 6. Nf3 Nf6 7. Bc4 Nbd7 8.
O-O Qc7 9. Re1 O-O-O 10. c3 Nb6 11. Qb3 e6 12. Bg5 Bd6 13. Ne5 Rde8 14. f4 Nfd5
15. Nxg6 hxg6 16. Bxd5 exd5 17. Rxe8+ Rxe8 18. f5 Bxg3 19. hxg3 Qxg3 20. c4
Qxg5 21. cxd5 Nxd5 0-1

[Event "FIRST SATURDAY TOURNAMENT Budapest FM C"]
[Site "Budapest"]
[Date "2011.07.04"]
[Round "3.3"]
[White "Mihajlova, Diana"]
[Black "Nagy, Peter"]
[Result "0-1"]
[WhiteElo "1443"]
[BlackElo "1535"]
[PlyCount "60"]
[EventDate "2011.07.02"]

1. e4 c5 2. f4 e6 3. Nf3 d5 4. Bb5+ Bd7 5. Bxd7+ Qxd7 6. Ne5 Qc7 7. d3 Bd6 8.
O-O Bxe5 9. fxe5 Qxe5 10. c3 dxe4 11. Bf4 Qd5 12. d4 Nc6 13. Be3 Rd8 14. Nd2
cxd4 15. c4 Qd7 16. Bg5 f6 17. Bh4 e3 18. Ne4 d3 19. Qh5+ Qf7 20. Qf3 e2 21.
Rf2 Ne5 22. Qf4 Ne7 23. Nxf6+ gxf6 24. Bxf6 N5g6 25. Qe3 Rf8 26. Bd4 Qxf2+ 27.
Qxf2 Rxf2 28. Bc3 Rf1+ 29. Rxf1 exf1=Q+ 30. Kxf1 d2 0-1

[Event "FIRST SATURDAY TOURNAMENT Budapest FM C"]
[Site "Budapest"]
[Date "2011.07.05"]
[Round "4.2"]
[White "Szabo, Miklos"]
[Black "Mihajlova, Diana"]
[Result "1-0"]
[WhiteElo "1358"]
[BlackElo "1443"]
[PlyCount "71"]
[EventDate "2011.07.02"]

1. e4 d5 2. exd5 Nf6 3. c4 e6 4. Nf3 Bc5 5. Be2 exd5 6. O-O O-O 7. d4 Be7 8.
Nc3 dxc4 9. Bxc4 a6 10. h3 b5 11. Bb3 b4 12. Ne2 a5 13. Ng3 Bb7 14. Re1 a4 15.
Bc4 Nbd7 16. Bf4 Nb6 17. b3 Nxc4 18. bxc4 b3 19. axb3 Bb4 20. Re3 axb3 21. Rxb3
Bxf3 22. Rxf3 Rxa1 23. Qxa1 Re8 24. Re3 Rf8 25. Qb2 c5 26. d5 Qb6 27. d6 Qa6
28. Qb3 Nd7 29. Re7 Rd8 30. Ne4 Nb6 31. Qg3 Nxc4 32. d7 Kf8 33. Qg5 Nb6 34. Be5
Rxd7 35. Bxg7+ Kg8 36. Re8# 1-0

[Event "FIRST SATURDAY TOURNAMENT Budapest FM C"]
[Site "Budapest"]
[Date "2011.07.05"]
[Round "4.3"]
[White "Vujosevics, Eszter"]
[Black "Hetesi, Zoltan"]
[Result "1-0"]
[WhiteElo "1431"]
[BlackElo "1501"]
[PlyCount "35"]
[EventDate "2011.07.02"]

1. e4 e5 2. Nf3 Nc6 3. Bc4 Nf6 4. d3 d5 5. exd5 Nxd5 6. O-O Bg4 7. c3 Bc5 8.
Nbd2 O-O 9. h3 Bh5 10. Ne4 Bb6 11. Bg5 f6 12. Bh4 Bf7 13. Nh2 g5 14. Qg4 h5 15.
Qg3 Kh8 16. Nxg5 fxg5 17. Bxg5 Nf4 18. Rae1 1-0

[Event "FIRST SATURDAY TOURNAMENT Budapest FM C"]
[Site "Budapest"]
[Date "2011.07.06"]
[Round "5.2"]
[White "Mihajlova, Diana"]
[Black "Vujosevics, Eszter"]
[Result "1/2-1/2"]
[WhiteElo "1443"]
[BlackElo "1431"]
[PlyCount "69"]
[EventDate "2011.07.02"]

1. e4 e5 2. Bc4 Nf6 3. d3 Nc6 4. Nf3 Bc5 5. Bg5 d6 6. O-O Bg4 7. Nc3 h6 8. Bxf6
Qxf6 9. Nd5 Qd8 10. c3 O-O 11. b4 Bb6 12. a4 a5 13. b5 Ne7 14. Nxb6 cxb6 15. d4
Ng6 16. h3 Bd7 17. Rc1 Qc8 18. Bb3 Nf4 19. Kh2 Ng6 20. Ne1 Kh8 21. Nd3 f5 22.
Bd5 f4 23. Qh5 Be8 24. Qd1 Bd7 25. Bb3 f3 26. Ne1 fxg2 27. Nxg2 Bxh3 28. Rg1
Rxf2 29. Qh5 Nf4 30. Qh4 Rxg2+ 31. Rxg2 Bxg2 32. Bd5 Nxd5 33. exd5 g5 34. Qxh6+
Kg8 35. Qxg5+ 1/2-1/2

[Event "FIRST SATURDAY TOURNAMENT Budapest FM C"]
[Site "Budapest"]
[Date "2011.07.06"]
[Round "5.3"]
[White "Nagy, Peter"]
[Black "Szabo, Miklos"]
[Result "1-0"]
[WhiteElo "1535"]
[BlackElo "1358"]
[PlyCount "81"]
[EventDate "2011.07.02"]

1. d4 d5 2. c4 e6 3. Nc3 Nf6 4. Nf3 Be7 5. Bg5 c6 6. Qc2 Nbd7 7. e4 O-O 8. e5
Ng4 9. Bd2 c5 10. h3 Nxf2 11. Kxf2 cxd4 12. Nb5 Nc5 13. Bd3 dxc4 14. Bxh7+ Kh8
15. Nbxd4 g6 16. Bxg6 fxg6 17. Qxg6 Nd3+ 18. Kg1 Rxf3 19. Nxf3 Qb6+ 20. Kh2 Bd7
21. Ng5 Bxg5 22. Bxg5 Rf8 23. Bf6+ Rxf6 24. exf6 Qd6+ 25. g3 Qf8 26. Qg7+ Qxg7
27. fxg7+ Kxg7 28. b3 Bc6 29. bxc4 Bxh1 30. Rxh1 e5 31. Kg2 Kg6 32. Kf3 e4+ 33.
Ke3 a6 34. h4 Kf5 35. h5 Ne5 36. c5 Ng4+ 37. Ke2 Kg5 38. h6 Nxh6 39. Rxh6 Kxh6
40. Ke3 Kg5 41. Kxe4 1-0

[Event "FIRST SATURDAY TOURNAMENT Budapest FM C"]
[Site "Budapest"]
[Date "2011.07.08"]
[Round "6.2"]
[White "Nagy, Peter"]
[Black "Vujosevics, Eszter"]
[Result "1-0"]
[WhiteElo "1535"]
[BlackElo "1431"]
[PlyCount "79"]
[EventDate "2011.07.02"]

1. d4 f5 2. g3 e6 3. Nf3 Nf6 4. Bg2 d5 5. O-O Bd6 6. b3 Qe7 7. c4 c6 8. Bb2 O-O
9. Nc3 Bd7 10. cxd5 exd5 11. Rc1 Be8 12. Nh4 Bd7 13. Qd3 f4 14. e4 Bc7 15. exd5
Be8 16. Rfe1 Qd7 17. Nf5 Bg6 18. Ne7+ Qxe7 19. Rxe7 Bxd3 20. Rxc7 Ba6 21. Re1
h6 22. Ree7 Ne8 23. Rc8 Nf6 24. Rxf8+ Kxf8 25. Ba3 Kg8 26. Bh3 fxg3 27. hxg3
cxd5 28. Be6+ Kh8 29. Nxd5 Nc6 30. Rf7 Nxd4 31. Nxf6 gxf6 32. Bd5 Rd8 33. Bg2
Ne2+ 34. Kh2 Re8 35. Bb2 Rc8 36. Bxf6+ Kg8 37. Bd5 Rc1 38. Rxb7+ Kf8 39. Rxa7
Bc8 40. Bg7+ 1-0

[Event "FIRST SATURDAY TOURNAMENT Budapest FM C"]
[Site "Budapest"]
[Date "2011.07.08"]
[Round "6.3"]
[White "Mihajlova, Diana"]
[Black "Hetesi, Zoltan"]
[Result "0-1"]
[WhiteElo "1443"]
[BlackElo "1501"]
[PlyCount "130"]
[EventDate "2011.07.02"]

1. e4 e5 2. Nf3 Nc6 3. Bc4 Nf6 4. Nc3 Bb4 5. Nd5 Nxe4 6. Nxb4 Nxb4 7. Nxe5 Qe7
8. Bxf7+ Kf8 9. d4 d6 10. Bg6 dxe5 11. Bxe4 exd4 12. Qf3+ Qf6 13. Bf4 Bd7 14.
O-O Nc6 15. Qa3+ Ne7 16. Bxc7 Rc8 17. Bd6 Re8 18. Bxb7 h5 19. Rfe1 Rh6 20. Be5
Qb6 21. Bd5 h4 22. Re4 h3 23. Rf4+ Rf6 24. Bxf6 gxf6 25. Rh4 Kg7 26. Qg3+ Ng6
27. Bb3 Re5 28. f4 Re2 29. Rxh3 Bc6 30. f5 Rxg2+ 31. Qxg2 Bxg2 32. Kxg2 Nf4+
33. Kg3 Nxh3 34. Kxh3 Qc6 35. Rg1+ Kf8 36. Rg8+ Ke7 37. Rg7+ Kd6 38. Rxa7 Qf3+
39. Kh4 Qxf5 40. Ra6+ Kc7 41. Ra7+ Kb6 42. Rg7 d3 43. cxd3 Qxd3 44. Rg2 Qe4+
45. Kg3 Kc5 46. Rc2+ Kd6 47. Rf2 f5 48. h3 Ke5 49. Bc2 f4+ 50. Kh2 Qe3 51. Kg2
Qg3+ 52. Kf1 Qxh3+ 53. Ke2 Qe3+ 54. Kf1 Kf6 55. Bb3 Kg5 56. a4 Kh4 57. Bd5 Qc5
58. Rd2 Qe3 59. Rf2 Qd3+ 60. Ke1 Qxd5 61. Rxf4+ Kg3 62. Rf2 Qe4+ 63. Re2 Qb1+
64. Kd2 Qxb2+ 65. Ke1 Qc1# 0-1

[Event "FIRST SATURDAY TOURNAMENT Budapest FM C"]
[Site "Budapest"]
[Date "2011.07.09"]
[Round "7.2"]
[White "Hetesi, Zoltan"]
[Black "Nagy, Peter"]
[Result "1-0"]
[WhiteElo "1501"]
[BlackElo "1535"]
[PlyCount "63"]
[EventDate "2011.07.02"]

1. e4 c5 2. Nf3 Nc6 3. Bc4 e6 4. Nc3 Nge7 5. d3 d5 6. exd5 exd5 7. Bb5 d4 8.
Bxc6+ Nxc6 9. Ne4 Bg4 10. O-O Ne5 11. Ned2 Bd6 12. Re1 O-O 13. h3 Bh5 14. g4
Nxf3+ 15. Nxf3 Bg6 16. h4 f5 17. g5 Qc7 18. c3 dxc3 19. bxc3 Bh5 20. d4 cxd4
21. cxd4 Qc3 22. Be3 f4 23. Rc1 Qa5 24. Bd2 Qd5 25. Kg2 Kh8 26. Qb3 Bxf3+ 27.
Qxf3 Qxa2 28. Bc3 b5 29. Re2 Qf7 30. Rce1 a5 31. Re6 Qc7 32. Qxa8 1-0

[Event "FIRST SATURDAY TOURNAMENT Budapest FM C"]
[Site "Budapest"]
[Date "2011.07.09"]
[Round "7.3"]
[White "Vujosevics, Eszter"]
[Black "Szabo, Miklos"]
[Result "1-0"]
[WhiteElo "1431"]
[BlackElo "1358"]
[PlyCount "113"]
[EventDate "2011.07.02"]

1. e4 c6 2. d4 d5 3. exd5 cxd5 4. Nf3 Nf6 5. Ne5 e6 6. Nd2 Bd6 7. f4 Nbd7 8. c3
Bxe5 9. fxe5 Ne4 10. Nxe4 dxe4 11. Qg4 O-O 12. Bh6 g6 13. Bxf8 Nxf8 14. Be2 f5
15. exf6 e5 16. f7+ Kg7 17. Qxe4 exd4 18. Qe5+ Kh6 19. Qxd4 Qxd4 20. cxd4 Bf5
21. g4 Be4 22. O-O g5 23. Bf3 Bg6 24. Bg2 Kg7 25. Bd5 Rd8 26. Bxb7 Rxd4 27. Rf2
Rxg4+ 28. Rg2 Rb4 29. Bd5 g4 30. Rf1 Rd4 31. Bb3 Re4 32. Rgf2 Re3 33. Rf6 Re2
34. R1f2 Re1+ 35. Rf1 Re2 36. R6f2 Re3 37. Bd1 Bd3 38. Bxg4 Bxf1 39. Kxf1 Re7
40. h3 Rxf7 41. Rxf7+ Kxf7 42. Ke2 Ke7 43. Kd3 Ng6 44. Ke4 Kf6 45. Kd5 h5 46.
Bd7 Kg5 47. b4 Kh4 48. b5 Nf4+ 49. Kd6 Nxh3 50. a4 Nf2 51. a5 Kg3 52. b6 axb6
53. a6 Ne4+ 54. Kc7 Nc5 55. a7 Na6+ 56. Kxb6 Nb8 57. axb8=Q+ 1-0

[Event "FIRST SATURDAY TOURNAMENT Budapest FM C"]
[Site "Budapest"]
[Date "2011.07.10"]
[Round "8.2"]
[White "Szabo, Miklos"]
[Black "Hetesi, Zoltan"]
[Result "0-1"]
[WhiteElo "1358"]
[BlackElo "1501"]
[PlyCount "56"]
[EventDate "2011.07.02"]

1. e4 e5 2. Nf3 Nc6 3. Bb5 a6 4. Ba4 Nf6 5. Qe2 d6 6. c3 b5 7. Bb3 Be7 8. d4
Bg4 9. Nbd2 exd4 10. cxd4 Nxd4 11. Qd3 Nxf3+ 12. Nxf3 c5 13. Bc2 c4 14. Qc3 O-O
15. O-O Re8 16. Rd1 Qc7 17. Bf4 Rad8 18. a4 Nh5 19. Qe3 Nxf4 20. Qxf4 Bxf3 21.
Qxf3 Bf6 22. axb5 axb5 23. Ra2 b4 24. Ba4 Re5 25. b3 c3 26. Qd3 Qb7 27. f3 d5
28. exd5 Rexd5 0-1

[Event "FIRST SATURDAY TOURNAMENT Budapest FM C"]
[Site "Budapest"]
[Date "2011.07.10"]
[Round "8.3"]
[White "Nagy, Peter"]
[Black "Mihajlova, Diana"]
[Result "1-0"]
[WhiteElo "1535"]
[BlackElo "1443"]
[PlyCount "67"]
[EventDate "2011.07.02"]

1. d4 Nf6 2. c4 e5 3. dxe5 Ne4 4. a3 Nc6 5. Qd5 f5 6. exf6 Nxf6 7. Qd3 Bc5 8.
Nf3 h6 9. Qg6+ Kf8 10. Nc3 d6 11. e3 Bg4 12. Be2 Qd7 13. Qc2 Re8 14. b4 Bxf3
15. gxf3 Bb6 16. Bb2 a5 17. b5 Ne5 18. f4 Neg4 19. Bxg4 Nxg4 20. Nd5 Bc5 21.
Nxc7 Nxe3 22. fxe3 Rxe3+ 23. Kd1 Qxc7 24. Rg1 Rd3+ 25. Qxd3 Bxg1 26. Kc2 Bxh2
27. Re1 Bg3 28. Qxg3 Qxc4+ 29. Kb1 Qf7 30. Qg4 Kg8 31. Rg1 Rh7 32. Rc1 Qd5 33.
Rc8+ Kf7 34. Rc7+ 1-0

[Event "FIRST SATURDAY TOURNAMENT Budapest FM C"]
[Site "Budapest"]
[Date "2011.07.11"]
[Round "9.2"]
[White "Mihajlova, Diana"]
[Black "Szabo, Miklos"]
[Result "1/2-1/2"]
[WhiteElo "1443"]
[BlackElo "1358"]
[PlyCount "88"]
[EventDate "2011.07.02"]

1. e4 e5 2. Bc4 Nf6 3. Nc3 Bc5 4. Nf3 Nc6 5. d3 O-O 6. O-O a6 7. Bg5 h6 8. Bh4
Be7 9. Bg3 d6 10. Nd5 Nxd5 11. Bxd5 Nb4 12. Bb3 Be6 13. c4 c5 14. a3 Nc6 15. h3
f5 16. exf5 Rxf5 17. Bc2 Rf7 18. Qe1 Bf5 19. Nd2 Nd4 20. Bb1 Bg5 21. f4 exf4
22. Bxf4 Re7 23. Ne4 Bxe4 24. dxe4 Bxf4 25. Rxf4 Qd7 26. Bd3 b5 27. Qh4 g5 28.
Rg4 Re6 29. Rf1 Rf8 30. Re1 Nc6 31. Rg3 Qf7 32. Rf1 Qg7 33. Rxf8+ Kxf8 34. Qg4
Qd4+ 35. Kh2 Ke7 36. Qf5 Qf6 37. Qd5 Kd7 38. Rf3 Qxb2 39. Rf7+ Ne7 40. Qb7+ Ke8
41. Rf3 Qe5+ 42. Kg1 Qd4+ 43. Kh2 Qe5+ 44. g3 Qb2+ 1/2-1/2

[Event "FIRST SATURDAY TOURNAMENT Budapest FM C"]
[Site "Budapest"]
[Date "2011.07.11"]
[Round "9.3"]
[White "Hetesi, Zoltan"]
[Black "Vujosevics, Eszter"]
[Result "1-0"]
[WhiteElo "1501"]
[BlackElo "1431"]
[PlyCount "63"]
[EventDate "2011.07.02"]

1. e4 e5 2. Nf3 Nc6 3. Bc4 Nf6 4. d3 Bc5 5. O-O d6 6. Nc3 Bg4 7. Bg5 h6 8. Be3
Nd4 9. Bxd4 Bxd4 10. Nd5 Nxd5 11. exd5 O-O 12. c3 Bb6 13. h3 Bh5 14. g4 Bg6 15.
d4 f5 16. g5 e4 17. Nh4 Qxg5+ 18. Ng2 Bh5 19. Be2 Bg6 20. Kh1 f4 21. f3 Qg3 22.
fxe4 Qxh3+ 23. Kg1 Bxe4 24. Bf3 Bxf3 25. Rxf3 Qg4 26. Qd3 Rf5 27. Raf1 Raf8 28.
Qe4 h5 29. Rxf4 Rxf4 30. Rxf4 Qg5 31. Qe6+ Kh7 32. Rxf8 1-0

[Event "FIRST SATURDAY TOURNAMENT Budapest FM C"]
[Site "Budapest"]
[Date "2011.07.12"]
[Round "10.2"]
[White "Vujosevics, Eszter"]
[Black "Mihajlova, Diana"]
[Result "1-0"]
[WhiteElo "1431"]
[BlackElo "1443"]
[PlyCount "63"]
[EventDate "2011.07.02"]

1. e4 d5 2. exd5 Nf6 3. Nf3 Bg4 4. h3 Bh5 5. Be2 Nxd5 6. d4 e6 7. O-O Bd6 8.
Ne5 Bxe2 9. Qxe2 Nd7 10. f4 Qe7 11. c4 Bxe5 12. fxe5 N5b6 13. Nc3 O-O-O 14. a4
Qb4 15. c5 Nd5 16. c6 Nf8 17. cxb7+ Kb8 18. Nb5 c6 19. Nd6 Qxd4+ 20. Kh1 Rxd6
21. exd6 f6 22. d7 Qb6 23. Qg4 g5 24. Ra3 h5 25. Qg3+ e5 26. Rxf6 Nxd7 27. Rf7
h4 28. Qxg5 N7f6 29. Rxf6 Nxf6 30. Qxe5+ Qc7 31. Qxf6 Re8 32. Bf4 1-0